| 000 | 00537nam a22001577a 4500 | ||
|---|---|---|---|
| 020 | _qHard Cover. | ||
| 082 | _a620.1 | ||
| 100 | _aMajeed, Kiran Choudhry | ||
| 245 |
_aDesigning Acceptance Test Procedures (ATPs) for Smart Nano Grid Applications / _cKiran Majeed Choudhry |
||
| 260 |
_aIslamabad : _bCEME - NUST, _c2015. |
||
| 300 |
_a187 p. : ill. : _c30cm. |
||
| 650 |
_aSoftware Engineering-MS-Thesis _916149 |
||
| 700 |
_aDr. Shoaib Ahmed Khan. _916086 |
||
| 942 |
_2ddc _cTHE |
||
| 999 |
_c536470 _d536470 |
||